<?xml version="1.0" encoding="UTF-8"?>
<record
    xmlns:xsi="http://www.w3.org/2001/XMLSchema-instance"
    xsi:schemaLocation="http://www.loc.gov/MARC21/slim http://www.loc.gov/standards/marcxml/schema/MARC21slim.xsd"
    xmlns="http://www.loc.gov/MARC21/slim">

  <leader>00777cam a22002531  4500</leader>
  <controlfield tag="001">9701019</controlfield>
  <controlfield tag="003">OSt</controlfield>
  <controlfield tag="005">20231121153746.0</controlfield>
  <controlfield tag="008">740801s1935    ilua     b    000 0 eng  </controlfield>
  <datafield tag="010" ind1=" " ind2=" ">
    <subfield code="a">   35004743 </subfield>
  </datafield>
  <datafield tag="020" ind1=" " ind2=" ">
    <subfield code="a">8123912714</subfield>
  </datafield>
  <datafield tag="035" ind1=" " ind2=" ">
    <subfield code="a">(OCoLC)970671</subfield>
  </datafield>
  <datafield tag="040" ind1=" " ind2=" ">
    <subfield code="a">DLC</subfield>
    <subfield code="c">OClW-H</subfield>
    <subfield code="d">OCoLC</subfield>
    <subfield code="d">DLC</subfield>
  </datafield>
  <datafield tag="042" ind1=" " ind2=" ">
    <subfield code="a">premarc</subfield>
  </datafield>
  <datafield tag="050" ind1="0" ind2="0">
    <subfield code="a">QK495.G9</subfield>
    <subfield code="b">C5</subfield>
  </datafield>
  <datafield tag="082" ind1=" " ind2=" ">
    <subfield code="a">585</subfield>
    <subfield code="b">CHA/G</subfield>
  </datafield>
  <datafield tag="100" ind1=" " ind2=" ">
    <subfield code="a">Chamberlain, Charles Joseph </subfield>
    <subfield code="d">1863-</subfield>
    <subfield code="9">8903</subfield>
  </datafield>
  <datafield tag="245" ind1="1" ind2="0">
    <subfield code="a">Gymnosperms;</subfield>
    <subfield code="b">structure and evolution,</subfield>
    <subfield code="c">by Charles Joseph Chamberlain </subfield>
  </datafield>
  <datafield tag="260" ind1=" " ind2=" ">
    <subfield code="a">Chicago, Ill.,</subfield>
    <subfield code="b">The University of Chicago Press</subfield>
    <subfield code="c">[1935]</subfield>
  </datafield>
  <datafield tag="300" ind1=" " ind2=" ">
    <subfield code="a">xi, 484 p.</subfield>
    <subfield code="c">24 cm.</subfield>
  </datafield>
  <datafield tag="504" ind1=" " ind2=" ">
    <subfield code="a">Bibliography: p. 446-480.</subfield>
  </datafield>
  <datafield tag="650" ind1=" " ind2="0">
    <subfield code="a">Gymnosperms.</subfield>
  </datafield>
  <datafield tag="942" ind1=" " ind2=" ">
    <subfield code="2">ddc</subfield>
    <subfield code="c">BK</subfield>
    <subfield code="h">585</subfield>
    <subfield code="i">CHA/G</subfield>
    <subfield code="k">585</subfield>
    <subfield code="m">CHA/G</subfield>
  </datafield>
  <datafield tag="952" ind1=" " ind2=" ">
    <subfield code="0">0</subfield>
    <subfield code="1">0</subfield>
    <subfield code="2">ddc</subfield>
    <subfield code="4">0</subfield>
    <subfield code="7">0</subfield>
    <subfield code="8">BOTANY</subfield>
    <subfield code="a">MES</subfield>
    <subfield code="b">MES</subfield>
    <subfield code="c">BOTANY</subfield>
    <subfield code="d">2023-11-23</subfield>
    <subfield code="l">0</subfield>
    <subfield code="o">585 CHA/G</subfield>
    <subfield code="p">43558</subfield>
    <subfield code="r">2023-11-23 15:34:53</subfield>
    <subfield code="v">395.00</subfield>
    <subfield code="w">2023-11-23</subfield>
    <subfield code="y">BK</subfield>
    <subfield code="z">GL19R5</subfield>
  </datafield>
  <datafield tag="999" ind1=" " ind2=" ">
    <subfield code="c">43661</subfield>
    <subfield code="d">43661</subfield>
  </datafield>
</record>
